Towards a contextual psychology of disablism (Record no. 8415)

MARC details
000 -LEADER
fixed length control field 00428nam a2200157Ia 4500
020 ## - INTERNATIONAL STANDARD BOOK NUMBER
ISBN 9780415681605
082 ## - DEWEY DECIMAL CLASSIFICATION NUMBER
Classification number 155.916 WAT-;
100 ## - MAIN ENTRY--AUTHOR NAME
Personal name Watermeyer, Brian
245 #0 - TITLE STATEMENT
Title Towards a contextual psychology of disablism
260 ## - PUBLICATION, DISTRIBUTION, ETC. (IMPRINT)
Place of publication London
Name of publisher Routledge
Year of publication 2013
300 ## - PHYSICAL DESCRIPTION
Number of Pages ix, 248
440 ## - SERIES STATEMENT/ADDED ENTRY--TITLE
Title Routledge advances in disability studies
650 ## - SUBJECT ADDED ENTRY--TOPICAL TERM
Topical Term PREJUDICES
650 ## - SUBJECT ADDED ENTRY--TOPICAL TERM
Topical Term PEOPLE WITH DISABILITIES- PSYCHOLOGY
942 ## - ADDED ENTRY ELEMENTS (KOHA)
Koha item type Books
Holdings
Withdrawn status Lost status Damaged status Not for loan Home library Current library Date acquired Source of acquisition Bill Date Full call number Accession Number Price effective from Koha item type
        NASSDOC Library NASSDOC Library 16/12/2014 CLASS 2014-11-19 155.916 WAT-; 48560 18/04/2019 Books